000 01557nam a22002297a 4500
003 OSt
005 20250624123117.0
008 250530s2004 ag ||||| |||| 00| 1 spa d
020 _a9509779830
040 _cspa
100 1 _aMankell, Henning,
_d1948-2015,
_eautor
245 1 0 _aPisando los talones /
_cHenning Mankell ; traducción del sueco de Carmen Montes Cano
260 _aBuenos Aires :
_bTusquets,
_c2004
300 _a557 p.
520 _aLa noche de San Juan, alguien, agazapado en un arbusto, contempla como se divierten unos jóvenes...Poe esas mismas fechas ajeno al drama que ese fragua, el inspector Kurt Wallander regresa de sus vacaciones, y en agosto, ya metido en la rutina, empieza a acusar un extraño agotamiento que esta a punto de costarle la vida en un accidente de tráfico. Cuando acude al médico se lleva un buen susto al saber el diagnostico . Para colmo, Svedberg, uno de sus colegas, no aparece por ningún lado, y una madre presiona a los agentes para que busquen a su hija: hace ya mas de un mes, la joven se marchó de viaje con unos amigos de manera imprevista, y todo indica que las postales que han enviado son falsas. Svedberg, que sigue sin dar señales de vida, ¿no estaba investigando esas desapariciones? Wallander no puede imaginar las incógnitas que le presentara este caso...ni los sangrientos crímenes que deberá resolver, <y cuanto antes>, como le pide el fiscal.
648 4 _aSiglo XXI
650 4 _aLiteratura
651 4 _aSuecia
653 _aPolicial
655 4 _aNovela
942 _2udc
_cOG
_n0
999 _c512
_d512